000 00306nam a2200133Ia 4500
008 240521s1999 xx 000 0 und d
020 _a81-239-0078-3
041 _aeng
082 _a729
100 _aGHOSE D.N.
245 _aA BOOK OF HOME PLANS.
260 _bC.B.S PUBLISHERS
_c1999
300 _a229
999 _c1157859
_d1157859